000 01276cam a2200313 a 4500
999 _c329184
_d329184
001 110253
003 Nust
005 20170426111706.0
008 971226s1995 ii ab b 100 0 eng
010 _a 96900605
020 _a8120410351
025 _aI-E-96-900605; 49-91
035 _a(DLC) 96900605
040 _aDLC
_cDLC
_dDLC
042 _alcode
050 0 0 _aQH541.5.M65
_bI63 1995
082 0 0 _a577.53 SIN
_221
111 2 _aInternational Symposium on Headwater Control
_d(1995 :
_cNew Delhi, India)
245 1 0 _aSustainable Reconstruction of Highland and Headwater Regions :
_bproceedings of third International Symposium on Headwater Control, New Delhi, October 6-8, 1995 /
_ceditors, R.B. Singh, Martin J. Haigh.
260 _aNew Delhi :
_bOxford & IBH Pub. Co.,
_cc1995.
300 _axi, 681 p. :
_bill., maps ;
_c25 cm.
504 _aIncludes bibliographical references.
650 0 _aMountain ecology
_vCongresses.
700 1 _aSingh, R. B.
_q(Ram Babu),
_d1955-
700 1 _aHaigh, Martin J.,
_d1950-
906 _a7
_bcbc
_corigode
_d3
_encip
_f19
_gy-gencatlg
942 _2ddc
_cBK